000 00380 a2200121 4500
001 ART_3269
005 20260410161713.0
008 260409a
245 1 0 _aLa información dinámica en las estadísticas sociales
100 1 _aBeccaria, Luis A.
700 1 _aMinujin, Alberto
773 0 _tDesarrollo económico
_g- Vol. 17, Nº 67 (oct./dic. 1977)
_wREV1174
999 _c16273
_d16273